00372nam a2200121 a 4500020001800000082002000018100002000038245007400058260004400132300000900176500003500185650003000220 a0300056974 00a305.420956bKED aKeddie, R Nikki aWomen in Middle Eastern History Shifting Boundaries in Sex and Gender aNew HavenbYale University Press c1992 a343p aincludes index and biblioraphy aWomen-Middle East-History